书目信息 |
| 题名: |
孟子一百句
|
|
| 作者: | 徐洪兴 解读 | |
| 分册: | ||
| 出版信息: | 上海 复旦大学出版社 2007.07 |
|
| 页数: | 175页 | |
| 开本: | 18cm | |
| 丛书名: | 悦读经典小丛书 | |
| 单 册: | ||
| 中图分类: | B222.52 | |
| 科图分类: | ||
| 主题词: | 儒家--ru jia--哲学思想--研究 | |
| 电子资源: | ||
| ISBN: | 978-7-309-05475-0 | |
| 000 | 00872nam 2200253 450 | |
| 001 | 012008666960 | |
| 005 | 20080526085132.70 | |
| 010 | @a978-7-309-05475-0@dCNY15.00 | |
| 100 | @a20080523d2007 em y0chiy0120 ea | |
| 101 | 0 | @achi |
| 102 | @aCN@b310000 | |
| 105 | @ay z 000yy | |
| 106 | @ar | |
| 200 | 1 | @a孟子一百句@Ameng zi yi bai ju@f徐洪兴解读@Fxu hong xing jie du |
| 210 | @a上海@c复旦大学出版社@d2007.07 | |
| 215 | @a175页@d18cm | |
| 225 | 2 | @a悦读经典小丛书@Ayue du jing dian xiao cong shu |
| 330 | @a本书内容包括:人性原本是善的;人为什么会有不善?;说“心”;人与动物的差别就那么一点点;把放出去的“心”收回来;是做不到还是不想做等。 | |
| 410 | 0 | @12001 @a悦读经典小丛书 |
| 606 | 0 | @a儒家@Aru jia@x哲学思想@x研究 |
| 690 | @aB222.52@v4 | |
| 701 | 0 | @a徐洪兴@Axu hong xing@4解读 |
| 801 | 0 | @aCN@bQSSK@c20080526 |
| 905 | @b713240-41@dB222.52@eX727@f2 | |
| 孟子一百句/徐洪兴解读.-上海:复旦大学出版社,2007.07 |
| 175页;18cm.-(悦读经典小丛书) |
| ISBN 978-7-309-05475-0:CNY15.00 |
| 本书内容包括:人性原本是善的;人为什么会有不善?;说“心”;人与动物的差别就那么一点点;把放出去的“心”收回来;是做不到还是不想做等。 |
| ● |
| 相关链接 |
|
|
|
正题名:孟子一百句
索取号:B222.52/X727
 
预约/预借
| 序号 | 登录号 | 条形码 | 馆藏地/架位号 | 状态 | 备注 |
| 1 | 713240 | 207132404 | 社科库509/509社科库 11排4列1层/ [索取号:B222.52/X727] | 在馆 | |
| 2 | 713241 | 207132413 | 社科库509/509社科库 11排4列1层/ [索取号:B222.52/X727] | 在馆 |